00608nam a22001697a 4500003000900000008004100009040007100050082001800121100002400139245004300163260003700206300002800243505009300271650001900364650002600383650002900409AR-CdUCM190517b ||||| |||| 00| 0 spa d aMUNICIPALIDAD PROVINCIAL DEL CUSCOcBIBLIOTECA MUNICIPAL DEL CUSCO a375.49 /bJ72 aJones, Richard Kent aMétodos didácticos audiovisuales / aMéxico :bPax México,c1973. a283 páginas ;c23 cm. aContenido : Habilidades básicas -- Importancia del dibujo -- Habilidades en el aula... aLa enseñanza aDecoraciones murales  aConvivencia en las aulas